000 00541cam a2200193ua 4500
001 11478
008 190923n ii |||gr||||Z||||||asm
020 _a9789387263468
040 _cMAIN
082 _a891.4512
100 _aChitra Ranjan Nath,
_eAuthor.
245 _aNatyatatta aru alosana
_cEdited by Chitra Ranjan Nath
250 _a1st ed.
260 _aGuwahati:
_bPurbayon publication,
_c2018.
300 _a508p.
653 _aEast Indo-European & Celtic literatures
653 _aA collection of articles on drama
942 _cBK
999 _c10311
_d10311